000 00827nam a22002297a 4500
008 240702b mp ||||| |||| 00| 0 mon d
035 _a10340
040 _aSU1322070
_bmon
_cMN-UlNLM
_dMN-UlNLM
_erda
041 _amon
042 _a23622
084 _2NNA
_a84.34
_bД-393
100 _aДефо Д.
245 0 _aРобинзон Крузо
264 _aУлаанбаатар
_bAdmon
_c2008
300 _a207х.
336 _2rdacontent
_atext
_btxt
337 _2rdamedia
_aunmediated
_bn
338 _2rdacarrier
_avolume
_bnc
490 _v18
650 _aАнглийн зохиолч Даниэль Дефо дэлхийн уран зохиолд "Робинзон Крузо" романаараа мөнхөрсөн юм. 300 гаруй жилийн туршид хамгийн их у...
942 _2NNA
_cBK
999 _c1068196
_d1068253